|
|
|
|
| LEADER |
01201nam a2200253 a 4500 |
| 001 |
GR-Patra14977 |
| 008 |
021017s2000 gr e 000 0 gre d |
| 040 |
|
|
|a GrPaTEI
|b gre
|c GR-PaULI
|
| 040 |
|
|
|a GrPaTEI
|b gre
|c GR-PaULI
|
| 082 |
|
0 |
|a 620.00151535
|2 21
|
| 100 |
1 |
|
|a Τσαμασφύρος, Γ.
|
| 245 |
1 |
2 |
|a Η μέθοδος των πεπερασμένων στοιχείων /
|c Γ. Τσαμασφύρος, Ε.Ε. Θεοτόκογλου.
|
| 260 |
|
|
|a Αθήνα :
|b [χ.ο.],
|c 2000
|
| 300 |
|
|
|a xx, 455σ.
|
| 490 |
1 |
|
|a Εγχειρίδιο ηλεκτρολόγου εγκαταστάτη. 4/
|
| 500 |
|
|
|a Περιλαμβάνει ευρετήριο
|
| 650 |
|
4 |
|a ΜΗΧΑΝΙΚΗ
|
| 650 |
1 |
0 |
|a πεπερασμενα στοιχεια, μεθοδος των
|
| 700 |
1 |
|
|a Θεοτόκογλου, Ε. Ε.
|
| 830 |
|
0 |
|1 00114976
|1 2001
|a Εγχειρίδιο ηλεκτρολόγου εγκαταστάτη
|
| 942 |
|
|
|2 ddc
|
| 952 |
|
|
|0 0
|1 0
|2 ddc
|4 0
|6 620_001515350000000_ΤΣΑ
|7 0
|9 293843
|a LISK
|b LISK
|c BSC
|d 2021-01-17
|e 24
|f 0
|g 0.00
|l 0
|o 620.00151535 ΤΣΑ
|p 92410017846
|r 2021-01-17 00:00:00
|t 1
|w 2021-01-17
|y BK15
|x 20021017 0 1
|x GrPaTEI
|
| 971 |
|
|
|a .b26624928
|b 16-04-20
|c 23-09-16
|
| 999 |
|
|
|c 171755
|d 171755
|